Systém prideľovania dotácií bude prehľadnejší

Rozhodnutie vlády SR o zverejňovaní a udeľovaní dotácií štátnym orgánom cez internet. Informácie na internete budú musieť byť aktualizované minimálne raz za štvrťrok. Nedostatočná transparentnosť v poskytovaní dotácií. Dotácie deformujú trh. Vhodné ciele na poskytovanie dotácií. Najvhodnejšie sú pri...

Descrizione completa

Salvato in:
Dettagli Bibliografici
Autore principale: Sedlák, Miro
Natura: Capitolo di libro
Lingua:slovacco
Soggetti:
Tags: Aggiungi Tag
Nessun Tag, puoi essere il primo ad aggiungerne!!

MARC

LEADER 00000naa a2200000 4500
001 r044844
005 20230921113124.0
041 0 |a slo 
044 |a SK 
245 1 0 |a Systém prideľovania dotácií bude prehľadnejší  |c Miro Sedlák 
520 |a Rozhodnutie vlády SR o zverejňovaní a udeľovaní dotácií štátnym orgánom cez internet. Informácie na internete budú musieť byť aktualizované minimálne raz za štvrťrok. Nedostatočná transparentnosť v poskytovaní dotácií. Dotácie deformujú trh. Vhodné ciele na poskytovanie dotácií. Najvhodnejšie sú priame dotácie. 
610 2 0 |a dotácie 
610 2 0 |a subvencie 
610 2 0 |a internet 
610 2 0 |a kontrola 
610 2 0 |a vláda 
610 2 0 |a Slovensko 
100 1 |a Sedlák, Miro